<?xml version="1.0" encoding="UTF-8"?><?xml-stylesheet type="text/xsl" href="static/style.xsl"?><OAI-PMH xmlns="http://www.openarchives.org/OAI/2.0/" xmlns:xsi="http://www.w3.org/2001/XMLSchema-instance" xsi:schemaLocation="http://www.openarchives.org/OAI/2.0/ http://www.openarchives.org/OAI/2.0/OAI-PMH.xsd"><responseDate>2026-04-18T01:04:21Z</responseDate><request verb="GetRecord" identifier="oai:www.recercat.cat:10230/27969" metadataPrefix="marc">https://recercat.cat/oai/request</request><GetRecord><record><header><identifier>oai:recercat.cat:10230/27969</identifier><datestamp>2025-12-19T20:28:26Z</datestamp><setSpec>com_2072_6</setSpec><setSpec>col_2072_452954</setSpec></header><metadata><record xmlns="http://www.loc.gov/MARC21/slim" xmlns:dcterms="http://purl.org/dc/terms/" xmlns:xsi="http://www.w3.org/2001/XMLSchema-instance" xmlns:doc="http://www.lyncode.com/xoai" xsi:schemaLocation="http://www.loc.gov/MARC21/slim http://www.loc.gov/standards/marcxml/schema/MARC21slim.xsd">
   <leader>00925njm 22002777a 4500</leader>
   <datafield ind2=" " ind1=" " tag="042">
      <subfield code="a">dc</subfield>
   </datafield>
   <datafield ind2=" " ind1=" " tag="720">
      <subfield code="a">Marques Hayasaki, Paula</subfield>
      <subfield code="e">author</subfield>
   </datafield>
   <datafield ind2=" " ind1=" " tag="260">
      <subfield code="c">2017-01-24T12:29:54Z</subfield>
   </datafield>
   <datafield ind2=" " ind1=" " tag="260">
      <subfield code="c">2017-01-24T12:29:54Z</subfield>
   </datafield>
   <datafield ind2=" " ind1=" " tag="260">
      <subfield code="c">2016</subfield>
   </datafield>
   <datafield ind2=" " ind1=" " tag="520">
      <subfield code="a">Treball de fi de màster Universitari en Comunicació Social</subfield>
   </datafield>
   <datafield ind2=" " ind1=" " tag="520">
      <subfield code="a">Tutora: Pilar Medina Bravo</subfield>
   </datafield>
   <datafield ind2=" " ind1=" " tag="520">
      <subfield code="a">Aiming at developing an empirical research during this student’s PhD dissertation, this Master’s degree final project proposes the grounds on which this future investigation is sustained. The latter has as general objective to further explore how media messages showcasing unattainable beauty ideals affect body image dissatisfaction of adolescent girls from Brazilian origins living in Spain. Since albeit there are researches analyzing media effects and body image, investigations/nfocusing on ethnic diverse groups and migrants are scarce. For the sake of achieving this goal, this project proposes: (1) a scoping review of the latest literature concerning this topic, published on significant academic databases; (2) a quantitative/ninvestigation harnessing previously developed scales (questionnaires), in order to measure degrees of acculturation and body dissatisfaction among a sample of the aforementioned group; (3) a qualitative research resorting to in-depth interview for the purpose of exploring this group’s body image and mass media’s beauty pressure towards a White ideal; notwithstanding the foregoing, (4) a content analysis of advertisements placed in 5 magazines, chosen by the girls themselves, in favor of unveiling what is the normatized beauty ideals.</subfield>
   </datafield>
   <datafield tag="653" ind2=" " ind1=" ">
      <subfield code="a">Imatge corporal en l&amp;apos;adolescència -- Brasil</subfield>
   </datafield>
   <datafield tag="653" ind2=" " ind1=" ">
      <subfield code="a">Imatge corporal en les dones -- Brasil</subfield>
   </datafield>
   <datafield tag="653" ind2=" " ind1=" ">
      <subfield code="a">Dones joves en els mitjans de comunicació de massa</subfield>
   </datafield>
   <datafield tag="653" ind2=" " ind1=" ">
      <subfield code="a">Dones immigrants -- Espanya</subfield>
   </datafield>
   <datafield ind2="0" ind1="0" tag="245">
      <subfield code="a">Effects of media exposure to beauty ideals on body image concerns among adolescent girls from brazilian origins living in Spain</subfield>
   </datafield>
</record></metadata></record></GetRecord></OAI-PMH>